Actes de la recherche en sciences sociales, 2009, 179, Pratiques martiales et sports de combat, Paris, Le Seuil, 2009, 180 p., ill. (notice n° 1646417)
[ vue normale ]
| 000 -LEADER | |
|---|---|
| fixed length control field | 00541cam a2200145 4500500 |
| 005 - DATE AND TIME OF LATEST TRANSACTION | |
| control field | 20260208002441.0 |
| 041 ## - LANGUAGE CODE | |
| Language code of text/sound track or separate title | fre |
| 042 ## - AUTHENTICATION CODE | |
| Authentication code | dc |
| 100 10 - MAIN ENTRY--PERSONAL NAME | |
| Personal name | Masset, Claude |
| Relator term | author |
| 245 00 - TITLE STATEMENT | |
| Title | Actes de la recherche en sciences sociales, 2009, 179, Pratiques martiales et sports de combat, Paris, Le Seuil, 2009, 180 p., ill. |
| 260 ## - PUBLICATION, DISTRIBUTION, ETC. | |
| Date of publication, distribution, etc. | 2011.<br/> |
| 500 ## - GENERAL NOTE | |
| General note | 33 |
| 786 0# - DATA SOURCE ENTRY | |
| Note | L'Homme | 198-199 | 2 | 2011-07-01 | p. 367u-426u | 0439-4216 |
| 856 41 - ELECTRONIC LOCATION AND ACCESS | |
| Uniform Resource Identifier | <a href="https://shs.cairn.info/revue-l-homme-2011-2-page-367u?lang=fr&redirect-ssocas=7080">https://shs.cairn.info/revue-l-homme-2011-2-page-367u?lang=fr&redirect-ssocas=7080</a> |
Pas d'exemplaire disponible.




Réseaux sociaux